|
000
|
00745nam0 2200241 45
|
|
001
|
3009300139
|
|
005
|
20060221210526.18
|
|
010
|
|
@dCNY0.26
|
|
091
|
|
@aCN@b7150.2033
|
|
100
|
|
@a19930209d1979 acdy0chiy0120 ea
|
|
101
|
0
|
@achi
|
|
102
|
|
@aCN@b310000
|
|
105
|
|
@aa y 000yy
|
|
200
|
1
|
@a1+1=10@A1+1=10@e漫谈二进制数@f陈永明@FChen Yong Ming
|
|
210
|
|
@a上海@c上海教育出版社@d1979.03
|
|
215
|
|
@a98页@c图@d19cm
|
|
330
|
|
@a本书将要求读者在回答一个个问题的进程中, 逐步弄懂什么是二进制数, 二进制数与十进制数怎样互化, 二进制数的运算以及二进制数与电子计算机的关系等。
|
|
606
|
|
@a二进制运算@x普及读物
|
|
606
|
0
|
@a数学
|
|
690
|
|
@aO1@v3
|
|
701
|
0
|
@a陈永明@AChen Yong Ming@4著
|
|
801
|
0
|
@c20060221
|
|
905
|
|
@a10447@dO1@e349
|
|
|
|
|
| |
| 1+1=10:漫谈二进制数/陈永明.-上海:上海教育出版社,1979.03 |
| 98页:图;19cm |
| |
| |
| ISBN :CNY0.26 |
| 本书将要求读者在回答一个个问题的进程中, 逐步弄懂什么是二进制数, 二进制数与十进制数怎样互化, 二进制数的运算以及二进制数与电子计算机的关系等。 |
| ● |
正题名:1+1=10
索取号:O1/349
 
预约/预借
| 序号
|
登录号
|
条形码
|
馆藏地/架位号
|
状态
|
备注
|
|
1
|
32629
|
200326290
|
海科密-1楼/46架11列1层/
[索取号:O1/349]
|
在馆
|
|
|
2
|
60594
|
200605942
|
海科密-1楼/46架11列1层/
[索取号:O1/349]
|
在馆
|
|